Wszystkie węzły płatnej A1 na schemacie - Statystyki

Ogólne statystyki
  • Ten quiz został rozwiązany 66 razy
    60 od ostatniego zresetowania
  • Średni wynik to 5 z 11
Odpowiedzi na mapie
Odpowiedzi zakodowano w zielono-czerwonej skali na mapie do tego quizu, zgodnie z poniższymi procentami.
 
Statystyki odpowiedzi
Odpowiedź % Poprawnych
Grudziądz
80%
Rusocin
59%
Pelplin
57%
Warlubie
55%
Nowe Marzy
53%
Lubicz
41%
Swarożyn
39%
Lisewo
37%
Stanisławie
37%
Kopytkowo
35%
Turzno
33%
Nie znaleziono quizów pasujących do podanych kryteriów
Rozkład punktacji
Procent ludzi z każdym wynikiem
Percentyl według liczby udzielonych odpowiedzi
Twoja historia wyników
Nie rozwiązałeś tego quizu od ostatniego zresetowania